[Event "Presidents Day GM"]
[Site "Santa Clara USA"]
[Date "2024.02.17"]
[Round "4.1"]
[White "Sathish, Pranav"]
[Black "Atanasov, Anthony"]
[Result "0-1"]
[WhiteElo "2357"]
[BlackElo "2384"]
[PlyCount "50"]
[EventDate "2024.02.13"]
[EventType "tourn"]
[EventRounds "9"]
[EventCountry "USA"]
[Source "ChessMix"]
[SourceDate "2024.02.20"]
[TimeControl "5400+30"]

1. Nf3 {[%emt 0:00:01]} d5 {[%emt 0:00:17]} 2. b3 {[%emt 0:00:08]} Bf5 {
[%emt 0:00:36]} 3. Bb2 {[%emt 0:00:09]} e6 {[%emt 0:00:20]} 4. d3 {
[%emt 0:00:55]} Nf6 {[%emt 0:00:19]} 5. Nh4 {[%emt 0:01:03]} h5 {[%emt 0:00:32]
} 6. Nxf5 {[%emt 0:02:14]} exf5 {[%emt 0:00:02]} 7. e3 {[%emt 0:00:30]} c5 {
[%emt 0:02:23]} 8. Qf3 {[%emt 0:01:40]} g6 {[%emt 0:00:13]} 9. Nd2 {
[%emt 0:00:40]} Nc6 {[%emt 0:01:19]} 10. Be2 {[%emt 0:03:14]} Bd6 {
[%emt 0:03:37]} 11. d4 {[%emt 0:14:44]} Ne4 {[%emt 1:26:22]} 12. Bb5 {
[%emt 1:11:12]} Qa5 {[%emt 0:00:30]} 13. Qe2 {[%emt 0:00:30]} cxd4 {
[%emt 0:00:00]} 14. Bxc6+ {[%emt 0:00:00]} bxc6 {[%emt 0:00:00]} 15. Bxd4 {
[%emt 0:01:00]} O-O {[%emt 0:00:00]} 16. f3 {[%emt 0:00:00]} c5 {[%emt 0:02:00]
} 17. Bb2 {[%emt 0:01:00]} Nc3 {[%emt 0:00:00]} 18. Qd3 {[%emt 0:00:00]} Be5 {
[%emt 0:00:00]} 19. a3 {[%emt 0:00:00]} Rfe8 {[%emt 0:00:00]} 20. Kf1 {
[%emt 0:00:00]} Rab8 {[%emt 0:00:00]} 21. b4 {[%emt 0:00:00]} c4 {
[%emt 0:00:00]} 22. Nxc4 {[%emt 0:00:00]} dxc4 {[%emt 0:00:00]} 23. Qxc4 {
[%emt 0:00:00]} Qa4 {[%emt 0:00:00]} 24. Bxc3 {[%emt 0:00:00]} Qxc2 {
[%emt 0:00:00]} 25. Qe2 {[%emt 0:00:00]} Qxc3 {[%emt 0:00:00]} 0-1

[Event "Presidents Day GM"]
[Site "Santa Clara USA"]
[Date "2024.02.18"]
[Round "5.5"]
[White "Atanasov, Anthony"]
[Black "Atwell, Rose"]
[Result "1-0"]
[WhiteElo "2384"]
[BlackElo "2104"]
[PlyCount "55"]
[EventDate "2024.02.13"]
[EventType "tourn"]
[EventRounds "9"]
[EventCountry "USA"]
[Source "ChessMix"]
[SourceDate "2024.02.20"]
[TimeControl "5400+30"]

1. d4 {[%emt 0:00:03]} d5 {[%emt 0:00:04]} 2. Bf4 {[%emt 0:00:05]} Nf6 {
[%emt 0:00:05]} 3. e3 {[%emt 0:00:06]} e6 {[%emt 0:00:09]} 4. Nf3 {
[%emt 0:00:07]} Bd6 {[%emt 0:00:07]} 5. a3 {[%emt 0:00:04]} Bxf4 {
[%emt 0:01:03]} 6. exf4 {[%emt 0:00:07]} O-O {[%emt 0:03:45]} 7. Nbd2 {
[%emt 0:00:28]} b6 {[%emt 0:04:24]} 8. h4 {[%emt 0:00:35]} c5 {[%emt 0:03:19]}
9. h5 {[%emt 0:00:26]} h6 {[%emt 0:05:50]} 10. Ne5 {[%emt 0:00:28]} Ba6 {
[%emt 0:04:33]} 11. Bxa6 {[%emt 0:01:18]} Nxa6 {[%emt 0:00:03]} 12. Qe2 {
[%emt 0:03:26]} Qc8 {[%emt 0:10:57]} 13. g4 {[%emt 0:01:37]} Nh7 {
[%emt 0:05:16]} 14. Ndf3 {[%emt 0:03:28]} f6 {[%emt 0:11:26]} 15. Ng6 {
[%emt 0:00:44]} Rf7 {[%emt 0:03:12]} 16. g5 {[%emt 0:03:04]} cxd4 {
[%emt 0:04:26]} 17. gxh6 {[%emt 0:03:09]} Nc5 {[%emt 0:03:14]} 18. Nxd4 {
[%emt 0:02:07]} Qd7 {[%emt 0:06:08]} 19. hxg7 {[%emt 0:03:53]} Re8 {
[%emt 0:01:34]} 20. O-O-O {[%emt 0:00:17]} Ne4 {[%emt 0:04:48]} 21. f5 {
[%emt 0:08:02]} e5 {[%emt 0:03:37]} 22. Ne6 {[%emt 0:00:19]} Rxe6 {
[%emt 0:01:54]} 23. fxe6 {[%emt 0:00:08]} Qxe6 {[%emt 0:00:03]} 24. h6 {
[%emt 0:04:36]} f5 {[%emt 0:01:27]} 25. f3 {[%emt 0:01:06]} Qxg6 {
[%emt 0:03:50]} 26. fxe4 {[%emt 0:00:07]} Qg5+ {[%emt 0:00:17]} 27. Kb1 {
[%emt 0:00:29]} dxe4 {[%emt 0:00:14]} 28. Qc4 {[%emt 0:00:09]} 1-0

[Event "Presidents Day GM"]
[Site "Santa Clara USA"]
[Date "2024.02.18"]
[Round "6.2"]
[White "Wang, Isaac"]
[Black "Atanasov, Anthony"]
[Result "0-1"]
[WhiteElo "2316"]
[BlackElo "2384"]
[PlyCount "86"]
[EventDate "2024.02.13"]
[EventType "tourn"]
[EventRounds "9"]
[EventCountry "USA"]
[Source "ChessMix"]
[SourceDate "2024.02.20"]
[TimeControl "5400+30"]

1. d4 {[%emt 0:00:22]} Nf6 {[%emt 0:00:08]} 2. c4 {[%emt 0:00:10]} e6 {
[%emt 0:00:05]} 3. Nf3 {[%emt 0:00:12]} d5 {[%emt 0:00:07]} 4. Nc3 {
[%emt 0:00:07]} Be7 {[%emt 0:00:08]} 5. g3 {[%emt 0:00:11]} O-O {[%emt 0:00:08]
} 6. Bg2 {[%emt 0:00:05]} dxc4 {[%emt 0:00:07]} 7. Ne5 {[%emt 0:00:12]} Qd6 {
[%emt 0:00:08]} 8. O-O {[%emt 0:01:44]} Qa6 {[%emt 0:00:46]} 9. a4 {
[%emt 0:01:30]} Nc6 {[%emt 0:00:11]} 10. Nb5 {[%emt 0:03:19]} Nxe5 {
[%emt 0:00:11]} 11. dxe5 {[%emt 0:01:13]} Rd8 {[%emt 0:00:11]} 12. exf6 {
[%emt 0:02:09]} Rxd1 {[%emt 0:00:02]} 13. Rxd1 {[%emt 0:02:47]} Bd6 {
[%emt 0:00:02]} 14. Bf4 {[%emt 0:00:52]} gxf6 {[%emt 0:00:13]} 15. Bxd6 {
[%emt 0:05:08]} cxd6 {[%emt 0:00:02]} 16. Nc7 {[%emt 0:00:13]} Qb6 {
[%emt 0:00:18]} 17. Nxa8 {[%emt 0:00:09]} Qxb2 {[%emt 0:00:03]} 18. Rab1 {
[%emt 0:05:23]} Qe5 {[%emt 0:29:13]} 19. Nc7 {[%emt 0:19:37]} d5 {
[%emt 0:00:26]} 20. Nb5 {[%emt 0:04:08]} f5 {[%emt 0:01:20]} 21. e3 {
[%emt 0:02:30]} a6 {[%emt 0:12:33]} 22. Nd4 {[%emt 0:07:27]} Qc7 {
[%emt 0:02:25]} 23. Rdc1 {[%emt 0:03:12]} Qa5 {[%emt 0:12:30]} 24. Ra1 {
[%emt 0:03:24]} Bd7 {[%emt 0:02:44]} 25. Rcb1 {[%emt 0:08:02]} b6 {
[%emt 0:01:42]} 26. h4 {[%emt 0:04:10]} Kg7 {[%emt 0:11:16]} 27. Bf3 {
[%emt 0:04:27]} e5 {[%emt 0:01:29]} 28. Nc2 {[%emt 0:01:50]} f4 {[%emt 0:09:55]
} 29. exf4 {[%emt 0:02:09]} Bf5 {[%emt 0:02:05]} 30. Rc1 {[%emt 0:02:58]} d4 {
[%emt 0:05:08]} 31. Nxd4 {[%emt 0:11:53]} exd4 {[%emt 0:00:01]} 32. Rxc4 {
[%emt 0:00:08]} Be6 {[%emt 0:00:15]} 33. Rcc1 {[%emt 0:00:29]} d3 {
[%emt 0:04:03]} 34. Ra3 {[%emt 0:01:16]} d2 {[%emt 0:00:18]} 35. Rd1 {
[%emt 0:00:32]} Bc4 {[%emt 0:04:02]} 36. Kg2 {[%emt 0:02:13]} b5 {
[%emt 0:00:21]} 37. Re3 {[%emt 0:00:54]} bxa4 {[%emt 0:00:16]} 38. Ra1 {
[%emt 0:00:46]} Qb4 {[%emt 0:01:18]} 39. h5 {[%emt 0:01:10]} h6 {[%emt 0:00:56]
} 40. Kg1 {[%emt 0:00:28]} Qb2 {[%emt 0:01:02]} 41. Rxa4 {[%emt 0:00:38]} Qc1+
{[%emt 0:00:12]} 42. Kh2 {[%emt 0:00:15]} Bd5 {[%emt 0:00:33]} 43. Bxd5 {
[%emt 0:00:34]} d1=Q {[%emt 0:00:08]} 0-1

[Event "Presidents Day GM"]
[Site "Santa Clara USA"]
[Date "2024.02.19"]
[Round "7.4"]
[White "Atanasov, Anthony"]
[Black "Deng, Henry"]
[Result "1-0"]
[WhiteElo "2384"]
[BlackElo "2281"]
[PlyCount "119"]
[EventDate "2024.02.13"]
[EventType "tourn"]
[EventRounds "9"]
[EventCountry "USA"]
[Source "ChessMix"]
[SourceDate "2024.02.20"]
[TimeControl "5400+30"]

1. d4 {[%emt 0:00:02]} d5 {[%emt 0:00:49]} 2. Nf3 {[%emt 0:00:09]} Nf6 {
[%emt 0:00:14]} 3. a3 {[%emt 0:00:13]} Bf5 {[%emt 0:02:21]} 4. c4 {
[%emt 0:00:11]} c6 {[%emt 0:00:37]} 5. cxd5 {[%emt 0:01:49]} cxd5 {
[%emt 0:00:39]} 6. Qb3 {[%emt 0:00:12]} Qb6 {[%emt 0:02:13]} 7. Qxb6 {
[%emt 0:00:11]} axb6 {[%emt 0:00:03]} 8. Nc3 {[%emt 0:01:09]} Nc6 {
[%emt 0:01:24]} 9. Bf4 {[%emt 0:05:00]} e6 {[%emt 0:03:35]} 10. e3 {
[%emt 0:02:22]} Be7 {[%emt 0:01:45]} 11. Be2 {[%emt 0:07:39]} h6 {
[%emt 0:03:05]} 12. Rc1 {[%emt 0:03:07]} O-O {[%emt 0:01:56]} 13. Nb5 {
[%emt 0:03:11]} Rac8 {[%emt 0:06:01]} 14. Bc7 {[%emt 0:13:53]} Bd8 {
[%emt 0:12:27]} 15. Bd6 {[%emt 0:00:11]} Re8 {[%emt 0:01:25]} 16. Nd2 {
[%emt 0:00:35]} Be7 {[%emt 0:03:57]} 17. O-O {[%emt 0:00:41]} Nd7 {
[%emt 0:03:01]} 18. b4 {[%emt 0:14:12]} Bf6 {[%emt 0:03:13]} 19. Bg3 {
[%emt 0:03:28]} Be7 {[%emt 0:01:35]} 20. Rfd1 {[%emt 0:03:43]} Red8 {
[%emt 0:08:15]} 21. Bc7 {[%emt 0:00:02]} Re8 {[%emt 0:01:20]} 22. Bd6 {
[%emt 0:00:02]} Bf6 {[%emt 0:00:29]} 23. Bg3 {[%emt 0:00:02]} Be7 {
[%emt 0:01:13]} 24. Kf1 {[%emt 0:01:33]} f6 {[%emt 0:04:14]} 25. Nc7 {
[%emt 0:06:51]} Red8 {[%emt 0:01:54]} 26. f3 {[%emt 0:00:40]} Nf8 {
[%emt 0:02:40]} 27. b5 {[%emt 0:09:50]} Na5 {[%emt 0:02:54]} 28. Rc3 {
[%emt 0:00:52]} Kf7 {[%emt 0:05:02]} 29. Rdc1 {[%emt 0:00:46]} e5 {
[%emt 0:06:18]} 30. dxe5 {[%emt 0:01:37]} Bc5 {[%emt 0:02:14]} 31. exf6 {
[%emt 0:05:18]} d4 {[%emt 0:01:29]} 32. Rxc5 {[%emt 0:01:38]} bxc5 {
[%emt 0:00:33]} 33. e4 {[%emt 0:00:46]} d3 {[%emt 0:01:40]} 34. Bd1 {
[%emt 0:00:09]} Bd7 {[%emt 0:00:57]} 35. fxg7 {[%emt 0:00:16]} Kxg7 {
[%emt 0:01:52]} 36. Bh4 {[%emt 0:00:23]} b6 {[%emt 0:01:07]} 37. a4 {
[%emt 0:02:51]} Ne6 {[%emt 0:01:04]} 38. Bxd8 {[%emt 0:00:12]} Nxc7 {
[%emt 0:00:14]} 39. Be7 {[%emt 0:02:42]} Ne8 {[%emt 0:01:19]} 40. Kf2 {
[%emt 0:02:16]} Kf7 {[%emt 0:00:27]} 41. Bh4 {[%emt 0:00:01]} c4 {
[%emt 0:01:10]} 42. Rc3 {[%emt 0:02:05]} Be6 {[%emt 0:00:56]} 43. f4 {
[%emt 0:00:26]} Kf8 {[%emt 0:00:17]} 44. f5 {[%emt 0:00:16]} Bf7 {
[%emt 0:00:29]} 45. g4 {[%emt 0:01:48]} Rc5 {[%emt 0:00:45]} 46. Bd8 {
[%emt 0:01:31]} Nc7 {[%emt 0:00:16]} 47. Bf6 {[%emt 0:00:46]} Nxb5 {
[%emt 0:00:35]} 48. axb5 {[%emt 0:00:02]} Rxb5 {[%emt 0:00:01]} 49. e5 {
[%emt 0:00:38]} Rb2 {[%emt 0:00:20]} 50. Ke3 {[%emt 0:00:05]} Bd5 {
[%emt 0:00:20]} 51. e6 {[%emt 0:00:09]} Ra2 {[%emt 0:00:21]} 52. g5 {
[%emt 0:00:34]} hxg5 {[%emt 0:00:15]} 53. e7+ {[%emt 0:00:05]} Ke8 {
[%emt 0:00:03]} 54. Ne4 {[%emt 0:01:06]} Nb7 {[%emt 0:00:53]} 55. Bh5+ {
[%emt 0:00:10]} Bf7 {[%emt 0:00:05]} 56. Bxf7+ {[%emt 0:00:06]} Kxf7 {
[%emt 0:00:03]} 57. Rxc4 {[%emt 0:00:22]} b5 {[%emt 0:00:02]} 58. Rc8 {
[%emt 0:00:10]} Re2+ {[%emt 0:00:18]} 59. Kxd3 {[%emt 0:00:15]} Rxe4 {
[%emt 0:15:16]} 60. Rf8# {[%emt 0:00:08]} 1-0

[Event "Presidents Day GM"]
[Site "Santa Clara USA"]
[Date "2024.02.19"]
[Round "8.3"]
[White "Stearman, Josiah"]
[Black "Atanasov, Anthony"]
[Result "1/2-1/2"]
[WhiteElo "2455"]
[BlackElo "2384"]
[PlyCount "63"]
[EventDate "2024.02.13"]
[EventType "tourn"]
[EventRounds "9"]
[EventCountry "USA"]
[Source "ChessMix"]
[SourceDate "2024.02.20"]
[TimeControl "5400+30"]

1. e4 {[%emt 0:42:15]} e5 {[%emt 0:00:10]} 2. Nf3 {[%emt 0:00:08]} Nf6 {
[%emt 0:00:10]} 3. Nxe5 {[%emt 0:00:47]} d6 {[%emt 0:00:23]} 4. Nf3 {
[%emt 0:00:05]} Nxe4 {[%emt 0:00:10]} 5. Nc3 {[%emt 0:00:14]} Nxc3 {
[%emt 0:00:18]} 6. dxc3 {[%emt 0:00:05]} Be7 {[%emt 0:00:12]} 7. Be3 {
[%emt 0:00:29]} Nd7 {[%emt 0:00:12]} 8. Qd2 {[%emt 0:00:15]} Nf6 {
[%emt 0:00:16]} 9. Bd3 {[%emt 0:00:08]} O-O {[%emt 0:00:10]} 10. O-O-O {
[%emt 0:00:22]} d5 {[%emt 0:00:09]} 11. Rhe1 {[%emt 0:09:07]} Bg4 {
[%emt 0:00:23]} 12. Bg5 {[%emt 0:00:58]} Re8 {[%emt 0:06:09]} 13. Qf4 {
[%emt 0:02:05]} Qd6 {[%emt 0:04:34]} 14. Qa4 {[%emt 0:05:51]} Ne4 {
[%emt 0:07:37]} 15. Bxe4 {[%emt 0:04:47]} Bxg5+ {[%emt 0:02:48]} 16. Nxg5 {
[%emt 0:00:25]} Qf4+ {[%emt 0:17:46]} 17. Kb1 {[%emt 0:03:05]} dxe4 {
[%emt 0:10:39]} 18. Nxe4 {[%emt 0:00:09]} b5 {[%emt 0:01:33]} 19. Nf6+ {
[%emt 0:00:38]} Qxf6 {[%emt 0:00:04]} 20. Qxg4 {[%emt 0:00:14]} Rxe1 {
[%emt 0:02:02]} 21. Rxe1 {[%emt 0:00:08]} Qxf2 {[%emt 0:02:18]} 22. Qe4 {
[%emt 0:03:04]} Rf8 {[%emt 0:00:02]} 23. Rd1 {[%emt 0:00:17]} g6 {
[%emt 0:02:05]} 24. a3 {[%emt 0:04:11]} h5 {[%emt 0:01:27]} 25. h3 {
[%emt 0:00:11]} a5 {[%emt 0:07:32]} 26. Rd7 {[%emt 0:02:03]} c5 {[%emt 0:04:12]
} 27. Rd5 {[%emt 0:04:35]} Rb8 {[%emt 0:03:35]} 28. Qe5 {[%emt 0:04:35]} Rc8 {
[%emt 0:00:06]} 29. Qg5 {[%emt 0:03:47]} Kh7 {[%emt 0:07:37]} 30. Qd2 {
[%emt 0:03:44]} Qf1+ {[%emt 0:01:18]} 31. Ka2 {[%emt 0:00:10]} a4 {
[%emt 0:11:01]} 32. Qd3 {[%emt 0:01:48]} 1/2-1/2

[Event "Presidents Day GM"]
[Site "Santa Clara USA"]
[Date "2024.02.20"]
[Round "9.3"]
[White "Atanasov, Anthony"]
[Black "Budisavljevic, Luka"]
[Result "0-1"]
[WhiteElo "2384"]
[BlackElo "2475"]
[PlyCount "76"]
[EventDate "2024.02.13"]
[EventType "tourn"]
[EventRounds "9"]
[EventCountry "USA"]
[Source "ChessMix"]
[SourceDate "2024.02.20"]
[TimeControl "5400+30"]

1. d4 {[%emt 0:00:03]} e6 {[%emt 0:05:28]} 2. Bf4 {[%emt 0:00:41]} c5 {
[%emt 0:00:16]} 3. e3 {[%emt 0:00:11]} Qb6 {[%emt 0:00:06]} 4. Nc3 {
[%emt 0:00:16]} Nf6 {[%emt 0:00:11]} 5. a3 {[%emt 0:00:46]} d5 {[%emt 0:00:17]}
6. Nf3 {[%emt 0:04:30]} Bd7 {[%emt 0:00:10]} 7. Rb1 {[%emt 0:02:21]} Nc6 {
[%emt 0:03:29]} 8. Nb5 {[%emt 0:03:50]} Rc8 {[%emt 0:04:00]} 9. dxc5 {
[%emt 0:00:52]} Bxc5 {[%emt 0:00:38]} 10. b4 {[%emt 0:00:31]} Be7 {
[%emt 0:01:15]} 11. c4 {[%emt 0:07:20]} dxc4 {[%emt 0:02:30]} 12. Bxc4 {
[%emt 0:08:06]} Nd8 {[%emt 0:14:15]} 13. Nc7+ {[%emt 0:05:41]} Rxc7 {
[%emt 0:00:07]} 14. Bxc7 {[%emt 0:00:04]} Qxc7 {[%emt 0:00:06]} 15. Rc1 {
[%emt 0:01:21]} Nc6 {[%emt 0:02:33]} 16. O-O {[%emt 0:00:30]} Qb8 {
[%emt 0:00:23]} 17. Qe2 {[%emt 0:01:17]} O-O {[%emt 0:02:22]} 18. Rfd1 {
[%emt 0:08:56]} Rd8 {[%emt 0:01:05]} 19. Bb5 {[%emt 0:03:25]} h6 {
[%emt 0:03:13]} 20. Nd4 {[%emt 0:09:44]} Nxd4 {[%emt 0:06:18]} 21. Rxd4 {
[%emt 0:00:07]} Be8 {[%emt 0:07:44]} 22. Rxd8 {[%emt 0:03:15]} Qxd8 {
[%emt 0:00:29]} 23. g3 {[%emt 0:03:02]} a6 {[%emt 0:02:03]} 24. Bxe8 {
[%emt 0:00:33]} Nxe8 {[%emt 0:00:02]} 25. Rc3 {[%emt 0:08:22]} Nd6 {
[%emt 0:02:45]} 26. Qc2 {[%emt 0:01:04]} Bf8 {[%emt 0:00:45]} 27. Rc7 {
[%emt 0:03:31]} Qf6 {[%emt 0:02:20]} 28. Kg2 {[%emt 0:04:07]} Qe5 {
[%emt 0:00:38]} 29. Rc5 {[%emt 0:01:00]} Qf6 {[%emt 0:02:34]} 30. Rc7 {
[%emt 0:02:03]} g5 {[%emt 0:00:57]} 31. Qd1 {[%emt 0:05:57]} Kg7 {
[%emt 0:01:27]} 32. Rd7 {[%emt 0:01:33]} Qe5 {[%emt 0:01:16]} 33. Qf3 {
[%emt 0:01:07]} Qc3 {[%emt 0:01:30]} 34. h4 {[%emt 0:01:16]} Qc8 {
[%emt 0:00:55]} 35. Rxd6 {[%emt 0:00:22]} Bxd6 {[%emt 0:00:07]} 36. hxg5 {
[%emt 0:00:04]} hxg5 {[%emt 0:00:07]} 37. Qg4 {[%emt 0:00:10]} Qc6+ {
[%emt 0:00:28]} 38. Kh2 {[%emt 0:00:06]} Be7 {[%emt 0:00:18]} 0-1

[Event "Sunway Sitges op"]
[Site "Sitges ESP"]
[Date "2023.12.12"]
[Round "1.68"]
[White "Pinyol I Llora, Julia"]
[Black "Atanasov, Anthony"]
[Result "0-1"]
[WhiteElo "1934"]
[BlackElo "2381"]
[PlyCount "132"]
[EventDate "2023.12.12"]
[EventType "swiss"]
[EventRounds "10"]
[EventCountry "ESP"]
[Source "ChessMix"]
[SourceDate "2024.01.01"]

1. d4 d5 2. c4 c6 3. Nf3 Nf6 4. Qc2 g6 5. cxd5 cxd5 6. Bf4 Nc6 7. e3 Bg7 8. Nc3
O-O 9. a3 Qa5 10. Rc1 Nh5 11. Bg3 Nxg3 12. hxg3 Bg4 13. Be2 Bxf3 14. Bxf3 e5
15. O-O exd4 16. Nxd5 dxe3 17. Nxe3 Nd4 18. Qc7 Qb5 19. Qxb7 Ne2+ 20. Kh2 Qxb7
21. Bxb7 Nxc1 22. Bxa8 Rxa8 23. Rxc1 Bxb2 24. Rc6 Bxa3 25. Nc4 Bb4 26. Ra6 Rc8
27. Nd6 Rb8 28. Ne4 Rb7 29. g4 Be7 30. Kg3 Kg7 31. Kf4 Bd8 32. f3 Bc7+ 33. Ke3
Bb6+ 34. Kd3 Rd7+ 35. Kc4 Rc7+ 36. Kd3 Rd7+ 37. Kc4 f5 38. gxf5 gxf5 39. Ng3
Kf6 40. Ra2 Kg5 41. Ne2 h5 42. g3 Re7 43. Nf4 Re3 44. Rf2 Ra3 45. Rf1 h4 46.
Ne2 h3 47. Rh1 Re3 48. Ng1 Kf6 49. Nxh3 Rxf3 50. Nf4 Kg5 51. Nd5 Rxg3 52. Nxb6
axb6 53. Kd4 b5 54. Rf1 b4 55. Ke5 Re3+ 56. Kd4 f4 57. Rg1+ Kf5 58. Rg8 b3 59.
Rf8+ Kg4 60. Rb8 Kf3 61. Rf8 b2 62. Rb8 Re2 63. Kd3 Kf2 64. Rb4 f3 65. Kc3 Ke1
66. Rh4 f2 0-1

[Event "Sunway Sitges op"]
[Site "Sitges ESP"]
[Date "2023.12.13"]
[Round "2.62"]
[White "Atanasov, Anthony"]
[Black "Houhou, Alexandre"]
[Result "1-0"]
[WhiteElo "2381"]
[BlackElo "2122"]
[PlyCount "95"]
[EventDate "2023.12.12"]
[EventType "swiss"]
[EventRounds "10"]
[EventCountry "ESP"]
[Source "ChessMix"]
[SourceDate "2024.01.01"]

1. d4 d5 2. Nf3 Nf6 3. Bf4 c5 4. e3 Nc6 5. Be2 cxd4 6. exd4 Bg4 7. c3 Bxf3 8.
Bxf3 e6 9. Qb3 Qd7 10. Nd2 Bd6 11. Bxd6 Qxd6 12. Qxb7 Rb8 13. Nc4 Qd7 14. Qxd7+
Kxd7 15. Ne5+ Nxe5 16. dxe5 Ng8 17. O-O-O Ne7 18. Rhe1 Rhc8 19. Rd4 Rc5 20. Bd1
Nc6 21. Ba4 a5 22. Re3 Ke7 23. Bxc6 Rxc6 24. Rg3 Rcb6 25. b3 g6 26. Rh4 h5 27.
Rf4 R8b7 28. Kb2 Rc6 29. h3 Rc5 30. Rgf3 Kf8 31. g4 g5 32. Rf6 hxg4 33. hxg4
Kg7 34. Rh3 Rc4 35. f3 Rf4 36. Rhh6 Rxf3 37. Rxf3 Kxh6 38. a4 Kg6 39. Ka3 f5
40. exf6 Rc7 41. b4 axb4+ 42. cxb4 Kf7 43. b5 d4 44. b6 Rb7 45. a5 e5 46. Rb3
e4 47. a6 Rb8 48. b7 1-0

[Event "Sunway Sitges op"]
[Site "Sitges ESP"]
[Date "2023.12.14"]
[Round "3.11"]
[White "Gorshtein, Ido"]
[Black "Atanasov, Anthony"]
[Result "1-0"]
[WhiteElo "2523"]
[BlackElo "2381"]
[PlyCount "69"]
[EventDate "2023.12.12"]
[EventType "swiss"]
[EventRounds "10"]
[EventCountry "ESP"]
[Source "ChessMix"]
[SourceDate "2024.01.01"]

1. c4 {[%emt 0:04:33]} b6 2. Nc3 {[%emt 0:00:06]} Bb7 {[%emt 0:00:11]} 3. e4 {
[%emt 0:01:12]} Nf6 {[%emt 0:03:04]} 4. d3 {[%emt 0:01:43]} c5 {[%emt 0:05:03]}
5. g3 {[%emt 0:04:33]} e6 {[%emt 0:00:20]} 6. Bg2 {[%emt 0:07:59]} Be7 {
[%emt 0:00:35]} 7. Nge2 {[%emt 0:01:13]} O-O {[%emt 0:00:05]} 8. O-O {
[%emt 0:03:35]} Nc6 {[%emt 0:13:23]} 9. h3 {[%emt 0:04:49]} Na5 {[%emt 0:03:32]
} 10. f4 {[%emt 0:02:39]} Ne8 {[%emt 0:05:08]} 11. b3 {[%emt 0:11:27]} f5 {
[%emt 0:03:14]} 12. Bb2 {[%emt 0:00:48]} Nc7 {[%emt 0:03:19]} 13. d4 {
[%emt 0:04:54]} fxe4 {[%emt 0:02:40]} 14. Nxe4 d5 {[%emt 0:10:08]} 15. Nf2 {
[%emt 0:10:49]} Ba6 {[%emt 0:03:39]} 16. dxc5 {[%emt 0:04:10]} bxc5 {
[%emt 0:11:38]} 17. Qd2 {[%emt 0:01:36]} Nb7 {[%emt 0:02:50]} 18. Rad1 {
[%emt 0:14:09]} Qd7 {[%emt 0:01:49]} 19. Rfe1 {[%emt 0:00:48]} Rad8 {
[%emt 0:05:31]} 20. Ng4 {[%emt 0:06:11]} Qe8 {[%emt 0:07:03]} 21. Be5 {
[%emt 0:02:45]} Bd6 {[%emt 0:01:20]} 22. Ba1 {[%emt 0:05:54]} d4 {
[%emt 0:00:09]} 23. Nc1 {[%emt 0:04:20]} Qe7 {[%emt 0:00:59]} 24. Nd3 {
[%emt 0:00:07]} Rde8 {[%emt 0:02:56]} 25. Kh2 {[%emt 0:00:30]} Nd8 {
[%emt 0:03:10]} 26. b4 {[%emt 0:00:37]} cxb4 {[%emt 0:00:31]} 27. c5 Bxc5 {
[%emt 0:00:10]} 28. Nxc5 {[%emt 0:00:03]} Qxc5 {[%emt 0:00:11]} 29. Bxd4 {
[%emt 0:01:34]} Qe7 {[%emt 0:02:11]} 30. Qf2 {[%emt 0:00:27]} Rf5 {
[%emt 0:01:38]} 31. Ne5 {[%emt 0:00:47]} Nb7 {[%emt 0:01:43]} 32. Be4 {
[%emt 0:00:24]} Rff8 {[%emt 0:00:23]} 33. Qc2 {[%emt 0:00:17]} g6 {
[%emt 0:00:41]} 34. Ng4 {[%emt 0:00:34]} h5 {[%emt 0:00:38]} 35. Bxb7 {
[%emt 0:00:15]} 1-0

[Event "Sunway Sitges op"]
[Site "Sitges ESP"]
[Date "2023.12.15"]
[Round "4.46"]
[White "Atanasov, Anthony"]
[Black "Arpita, Mukherjee"]
[Result "1-0"]
[WhiteElo "2381"]
[BlackElo "2160"]
[PlyCount "103"]
[EventDate "2023.12.12"]
[EventType "swiss"]
[EventRounds "10"]
[EventCountry "ESP"]
[Source "ChessMix"]
[SourceDate "2024.01.01"]

1. d4 Nf6 2. c4 g6 3. Nc3 Bg7 4. e4 d6 5. Be2 O-O 6. Be3 Nbd7 7. Nf3 e5 8. d5
Nc5 9. Nd2 a5 10. h4 c6 11. g4 cxd5 12. cxd5 Bd7 13. g5 Ne8 14. a4 f5 15. f3
fxe4 16. Ndxe4 b6 17. h5 Bf5 18. Bb5 Nc7 19. h6 Bh8 20. Bc4 N7a6 21. Qe2 Nb4
22. O-O Rc8 23. Rac1 Bh3 24. Rf2 Bf5 25. Rff1 Bh3 26. Rfe1 Bf5 27. b3 Qd7 28.
Qg2 Rf7 29. Bb5 Qe7 30. Nxc5 bxc5 31. Ne4 Qd8 32. Bc4 Qd7 33. Kh2 Bxe4 34. fxe4
Rf4 35. Bxf4 exf4 36. Qh3 Qxh3+ 37. Kxh3 Re8 38. Kg4 Be5 39. Rf1 Rf8 40. Rf3
Rf7 41. Rf2 Kf8 42. Rcf1 Ke7 43. Rxf4 Bxf4 44. Rxf4 Rxf4+ 45. Kxf4 Kf7 46. e5
Ke7 47. e6 Kf8 48. Ke4 Na2 49. Kd3 Nb4+ 50. Kd2 Kg8 51. e7 Kf7 52. Bd3 1-0